Statistics for Colonial America

Click here to take the quiz!

General Stats

  • This quiz has been taken 1,124 times
  • The average score is 8 of 15

Answer Stats

HintAnswer% Correct
The New England colonies were mainly founded to pursue freedom of __________religion
95%
Send goods or services to another country for saleexport
73%
Bring goods or services into a country from abroad for saleimport
72%
The first successful colony in the New WorldJamestown
72%
Due to its good harbors and lack of good farmland, the ______________ colonies were known for shipbuildingNew England
71%
Tobacco, indigo, and cotton were examples of ____________ cropscash
66%
Sugar, tobacco, rice, and cotton were examples of ____ materialsraw
66%
The ____________ colonies were mainly started for business and investmentsouthern
61%
The first colony in the New World (unsuccessful)Roanoke
57%
Permission given by a king to found a colonycharter
49%
Raw materials were transported to England and returned as _________________ goodsmanufactured
40%
The __________ Passage is another term for the terrible journey slaves endured on the way to the New Worldmiddle
38%
___________ farming is where a person grows only enough food to survivesubsistence
36%
Plentiful land, new opportunities, and religious freedom were examples of _________ factorspull
22%
Lack of opportunity and lack of religious freedom in the old world were examples of _______ factorspush
22%

Score Distribution

Percentile by Number Answered

Percent of People with Each Score

Your Score History

You have not taken this quiz